| 000 | 00423nam a22001577a 4500 | ||
|---|---|---|---|
| 003 | NUST - PNEC | ||
| 005 | 20170116181117.0 | ||
| 008 | 151004b xxu||||| |||| 00| 0 eng d | ||
| 040 | _cLIBRARY | ||
| 082 | _a954 FAR | ||
| 100 |
_913274 _aFarishta, Muhammad Qasim |
||
| 245 |
_aTareekh e farishta _cFarishta, Muhammad Qasim |
||
| 260 | _c2008 | ||
| 650 |
_914297 _aHistory in urdu Baresagheer _xGeneral |
||
| 942 |
_2ddc _cBK |
||
| 999 |
_c69384 _d69384 |
||